Statistics for Les Miserables Song to Character

Click here to take the quiz!

General Stats

  • This quiz has been taken 510 times
  • The average score is 7 of 9

Answer Stats

Song Character (s) % Correct
A Heart Full of LoveMarius/Cosette/Eponine
98%
On My OwnEponine
96%
I Dreamed a DreamFantine
95%
Empty Chairs at Empty TablesMarius
94%
StarsJavert
93%
Bring Him HomeJean Valjean
91%
One Day MoreAll
64%
At the End of the DayWorkers
46%
Master of the HouseThenardier
13%

Score Distribution

Percentile by Number Answered

Percent of People with Each Score

Your Score History

You have not taken this quiz